000 00495ntaaa2200193 4500
003 01
005 20251027201740.0
008 0714s1973 ag 01
040 _aAR-BaBN
_bspa
_cAR-BaBN
_eaacr
_dRIC
082 _a239.0000 P65
100 _aPinnock, Clark H.
_99588
245 _aSet forth your case
250 _a1 ed.
260 _aNutley, N.J. :
_bThe Craig Press,
_cc1967,1968
300 _a94 p
500 _aEstudios sobre apologética cristiana
650 _aapologética
942 _cBK
999 _c12166
_d12166